[Event "GER M07-C email"]
[Site "GER email"]
[Date "2018.06.19"]
[Round "?"]
[White "Doric, Nenad"]
[Black "Malnar, Ales"]
[Result "1/2-1/2"]
[WhiteElo "2408"]
[BlackElo "2391"]
[PlyCount "59"]
[EventDate "2018.??.??"]
[EventType "tourn (corr)"]
[EventRounds "10"]
[EventCountry "GER"]
[SourceTitle "Corr 2020"]
[Source "ChessBase"]
[SourceDate "2019.09.30"]
[SourceVersion "1"]
[SourceVersionDate "2019.09.30"]
[SourceQuality "1"]

1. e4 d6 2. d4 Nf6 3. Nc3 e5 4. Nge2 exd4 5. Nxd4 Be7 6. g3 0-0 7. Bg2 Nc6 8. Nxc6 bxc6 9. 0-0 Nd7 10. b3 Bf6 11. Bb2 Rb8 12. f4 c5 13. e5 dxe5 14. Ne4 exf4 15. Nxf6+ Nxf6 16. Rxf4 Rb4 17. Bxf6 gxf6 18. c4 Qxd1+ 19. Rxd1 Kg7 20. Rd5 a5 21. Rxc5 a4 22. Rxc7 axb3 23. axb3 Rxb3 24. Bd5 Rc3 25. Bxf7 Rxf7 26. Rxc8 Rd7 27. Kg2 Rd2+ 28. Rf2 Rxf2+ 29. Kxf2 Rc2+ 30. Kf3 1/2-1/2

[Event "GER M07-C email"]
[Site "GER email"]
[Date "2018.06.19"]
[Round "?"]
[White "Malnar, Ales"]
[Black "Hrubcik, Martin"]
[Result "1/2-1/2"]
[WhiteElo "2391"]
[BlackElo "2414"]
[PlyCount "101"]
[EventDate "2018.??.??"]
[EventType "tourn (corr)"]
[EventRounds "10"]
[EventCountry "GER"]
[SourceTitle "Corr 2020"]
[Source "ChessBase"]
[SourceDate "2019.09.30"]
[SourceVersion "1"]
[SourceVersionDate "2019.09.30"]
[SourceQuality "1"]

1. Nf3 Nf6 2. c4 e6 3. g3 d5 4. Bg2 Be7 5. 0-0 0-0 6. b3 d4 7. e3 c5 8. Bb2 Nc6 9. exd4 cxd4 10. Re1 Re8 11. d3 Bc5 12. Ne5 Nxe5 13. Rxe5 Nd7 14. Re2 a5 15. Nd2 Nf6 16. Nf3 Qd6 17. Ne5 Ra7 18. a3 Rd8 19. Bc1 Ne8 20. f4 f6 21. Nf3 b6 22. Qe1 Nc7 23. g4 Rf8 24. Qg3 Bb7 25. h4 b5 26. h5 Qb6 27. h6 Ne8 28. hxg7 Nxg7 29. Nd2 bxc4 30. bxc4 Qc7 31. Qh4 Be7 32. Qh6 Rf7 33. a4 f5 34. Bxb7 Rxb7 35. Rh2 Ne8 36. Nf3 Qc8 37. g5 Bf8 38. Qh3 Rg7 39. Kf1 Bc5 40. Bb2 Qb8 41. Qh6 Rb6 42. Re1 Qxf4 43. Qh5 Re7 44. Rh4 Qc7 45. Bc1 e5 46. g6 Rxg6 47. Rxe5 Rxe5 48. Nxe5 Re6 49. Nf3 Qd7 50. Rh2 Rb6 51. Rh1 1/2-1/2

[Event "GER M07-C email"]
[Site "GER email"]
[Date "2018.06.19"]
[Round "?"]
[White "Malnar, Ales"]
[Black "Khanas, Valeriy"]
[Result "1-0"]
[WhiteElo "2391"]
[BlackElo "2401"]
[PlyCount "109"]
[EventDate "2018.??.??"]
[EventType "tourn (corr)"]
[EventRounds "10"]
[EventCountry "GER"]
[SourceTitle "Corr 2020"]
[Source "ChessBase"]
[SourceDate "2019.09.30"]
[SourceVersion "1"]
[SourceVersionDate "2019.09.30"]
[SourceQuality "1"]

1. e4 e5 2. Nf3 Nc6 3. Bb5 a6 4. Ba4 Nf6 5. 0-0 b5 6. Bb3 Bb7 7. d3 Be7 8. a4 0-0 9. Re1 Re8 10. c3 h6 11. Nbd2 Bf8 12. Ba2 d6 13. Nf1 Qd7 14. Ng3 Ne7 15. Nh4 d5 16. d4 Nxe4 17. dxe5 Nxg3 18. hxg3 g5 19. Nf3 Ng6 20. Bb1 c5 21. Re2 Qe6 22. b4 d4 23. cxd4 c4 24. Nh2 Bxb4 25. f4 f5 26. Rf2 Rad8 27. Qh5 Be1 28. Raa2 Bxf2+ 29. Rxf2 Ne7 30. Ng4 Qg6 31. Qxg6+ Nxg6 32. Nf6+ Kf7 33. Bxf5 Rh8 34. fxg5 Nxe5 35. dxe5 Rd1+ 36. Rf1 Rxf1+ 37. Kxf1 hxg5 38. Ke2 g4 39. Bg5 Bc8 40. Nd7 Re8 41. e6+ Rxe6+ 42. Bxe6+ Kxe6 43. Nb6 Bb7 44. axb5 axb5 45. Bf4 Bxg2 46. Kd2 Bh3 47. Kc3 Bf1 48. Nc8 Kd5 49. Na7 b4+ 50. Kxb4 Kd4 51. Nc6+ Kd3 52. Ne5+ Ke4 53. Nxg4 Be2 54. Ne3 Bd3 55. Nxc4 1-0

[Event "GER M07-C email"]
[Site "GER email"]
[Date "2018.06.19"]
[Round "?"]
[White "Malnar, Ales"]
[Black "Vasconcellos, Renato"]
[Result "1/2-1/2"]
[WhiteElo "2391"]
[BlackElo "2417"]
[PlyCount "60"]
[EventDate "2018.??.??"]
[EventType "tourn (corr)"]
[EventRounds "10"]
[EventCountry "GER"]
[SourceTitle "Corr 2020"]
[Source "ChessBase"]
[SourceDate "2019.09.30"]
[SourceVersion "1"]
[SourceVersionDate "2019.09.30"]
[SourceQuality "1"]

1. e4 c5 2. Nf3 e6 3. d3 Nc6 4. g3 d5 5. Qe2 Be7 6. Bg2 Nf6 7. 0-0 0-0 8. c3 Re8 9. e5 Nd7 10. a4 a6 11. h4 Rb8 12. Re1 b5 13. axb5 axb5 14. Be3 b4 15. Nbd2 Bb7 16. d4 Ra8 17. dxc5 bxc3 18. bxc3 Ndxe5 19. Nxe5 Nxe5 20. Rxa8 Qxa8 21. Bd4 Nd7 22. Nb3 Ba6 23. Qa2 Qc8 24. Qa4 Bc4 25. c6 Bxb3 26. cxd7 Bxa4 27. dxc8Q Rxc8 28. Bxd5 exd5 29. Rxe7 Re8 30. Rxe8+ Bxe8 1/2-1/2

[Event "GER M07-C email"]
[Site "GER email"]
[Date "2018.06.19"]
[Round "?"]
[White "Schulz, Guenter"]
[Black "Malnar, Ales"]
[Result "1/2-1/2"]
[WhiteElo "2411"]
[BlackElo "2391"]
[PlyCount "71"]
[EventDate "2018.??.??"]
[EventType "tourn (corr)"]
[EventRounds "10"]
[EventCountry "GER"]
[SourceTitle "Corr 2020"]
[Source "ChessBase"]
[SourceDate "2019.09.30"]
[SourceVersion "1"]
[SourceVersionDate "2019.09.30"]
[SourceQuality "1"]

1. e4 d6 2. d4 Nf6 3. Nc3 e5 4. dxe5 dxe5 5. Qxd8+ Kxd8 6. Bc4 Bb4 7. Bxf7 Nxe4 8. Nge2 Bf5 9. Be3 Nxc3 10. bxc3 Ba3 11. Rd1+ Nd7 12. Bb3 Bd6 13. Ng3 Bg6 14. h4 h6 15. h5 Bh7 16. Bd5 Nf6 17. Bxb7 Rb8 18. Rb1 c5 19. Kd2 Kc7 20. Ba6 Rb6 21. Bd3 e4 22. Bc4 Ng4 23. Rb3 Rf8 24. Ne2 Nxf2 25. Rf1 Ng4 26. Rxf8 Bxf8 27. Nf4 Nxe3 28. Kxe3 Rxb3 29. cxb3 Kd6 30. Bf7 Be7 31. Ng6 Bxg6 32. Bxg6 Bf6 33. c4 Ke5 34. Bxe4 a5 35. Bf3 Bg5+ 36. Kd3 1/2-1/2

[Event "SLO-chT1 West"]
[Site "Ljubljana"]
[Date "2012.09.30"]
[Round "6.5"]
[White "Starc, Enej"]
[Black "Malnar, Ales"]
[Result "0-1"]
[WhiteElo "1810"]
[BlackElo "1926"]
[PlyCount "110"]
[EventDate "2012.09.21"]
[EventType "team-tourn"]
[EventRounds "9"]
[EventCountry "SLO"]
[SourceTitle "EXT 2022"]
[Source "ChessBase"]
[SourceDate "2021.10.06"]
[SourceVersion "1"]
[SourceVersionDate "2021.10.06"]
[SourceQuality "1"]
[WhiteTeam "Sezana"]
[BlackTeam "Kocevje"]
[WhiteTeamCountry "SLO"]
[BlackTeamCountry "SLO"]

1. e4 g6 2. d4 Bg7 3. Nc3 d6 4. Be3 a6 5. Bc4 Nd7 6. Nge2 e6 7. a4 b6 8. 0-0 Bb7 9. f4 Ngf6 10. Ng3 h5 11. d5 Ng4 12. Qf3 Nxe3 13. Qxe3 e5 14. f5 h4 15. Nge2 Bh6 16. Qf3 Qg5 17. Kh1 Ke7 18. g4 hxg3 19. Qxg3 Qxg3 20. Nxg3 Bf4 21. Nce2 g5 22. Kg2 Rag8 23. h3 Nf6 24. Rh1 Rh4 25. Bd3 Bxg3 26. Nxg3 Nxd5 27. exd5 Bxd5+ 28. Kf2 Bxh1 29. Rxh1 Rxa4 30. Ne4 d5 31. Nc3 Rf4+ 32. Ke2 Kd6 33. Nd1 b5 34. c3 e4 35. Bc2 Ke5 36. Ne3 c5 37. Ng4+ Kd6 38. Ra1 Ra8 39. f6 Ke6 40. Rd1 Rd8 41. Ra1 Rd6 42. b4 c4 43. Ke3 Rf3+ 44. Kd4 Rxh3 45. Rf1 Rg3 46. Ne3 Rf3 47. Rg1 Rxe3 48. Kxe3 Kxf6 49. Bd1 Kg6 50. Kd4 f5 51. Ke5 Rd8 52. Rf1 Re8+ 53. Kd4 g4 54. Ke3 Kg5 55. Kd4 e3 0-1